Online Catalogue and eLibrary

Violent gods : (Record no. 390)

MARC details
000 -LEADER
fixed length control field 00665cam a2200229 a 4500
001 - CONTROL NUMBER
control field 15771250
005 - DATE AND TIME OF LATEST TRANSACTION
control field 20240214054539.0
008 - FIXED-LENGTH DATA ELEMENTS--GENERAL INFORMATION
fixed length control field 090611s2009 ii b 001 0 eng
020 ## - INTERNATIONAL STANDARD BOOK NUMBER
ISBN 8188789453 (hbk)
020 ## - INTERNATIONAL STANDARD BOOK NUMBER
ISBN 8188789674 (pbk)
040 ## - CATALOGING SOURCE (பட்டியலாக்க மூலம்)
Original cataloging agency DLC
Transcribing agency DLC
Modifying agency DLC
082 ## - DDC Classification
DDC Edition Number 22
Class No. 320.
Item Number - Author Mark CHA.
100 1# - MAIN ENTRY--PERSONAL NAME
Personal name Chatterji, Angana P.
245 10 - TITLE STATEMENT
Title Violent gods :
Remainder of title Hindu nationalism in India's present : narratives from Orissa /
Statement of responsibility, etc. Angana P. Chatterji.
250 ## - EDITION STATEMENT
Edition statement 1st ed.
260 ## - PUBLICATION, DISTRIBUTION, ETC.
Place of publication, distribution, etc. Gurgaon, India :
Name of publisher, distributor, etc. Three Essays Collective,
Date of publication, distribution, etc. 2009.
300 ## - PHYSICAL DESCRIPTION
Extent (e.g. Volumes, Pages etc.) xii, 469 p. ;
650 #0 - SUBJECT ADDED ENTRY--TOPICAL TERM
Topical term or geographic name entry element Hindutva
650 #0 - SUBJECT ADDED ENTRY--TOPICAL TERM
Topical term or geographic name entry element Religion and politics
650 #0 - SUBJECT ADDED ENTRY--TOPICAL TERM
Topical term or geographic name entry element Communalism
942 ## - Koha item type (Biblio)
Koha item type Books in Stacks (Lending)
Holdings
Lost status Damaged status Collection code Home library Current library Date acquired Full call number Accession Number Item type
    Lending WERC Library WERC Library 02/14/2024 320. CHA. 6732 Books in Stacks (Lending)

© WERC Library